[Event "Thessaloniki White Tower op-A 44th"]
[Site "Thessaloniki"]
[Date "2024.01.04"]
[Round "4"]
[White "Galanis, Nikolaos Panagiotis"]
[Black "Gountras, Klearhos"]
[Result "1/2-1/2"]
[WhiteElo "1812"]
[BlackElo "1978"]
[PlyCount "85"]
[EventDate "2024.01.02"]
[EventType "swiss"]
[EventRounds "9"]
[EventCountry "GRE"]
[SourceTitle "CB02_2024"]
[SourceDate "2024.01.10"]
[SourceVersion "1"]
[SourceVersionDate "2024.01.10"]
[SourceQuality "1"]

1. e4 d5 2. exd5 Qxd5 3. Nc3 Qd8 4. d4 Nf6 5. Nf3 c6 6. Bc4 b5 7. Bb3 Nbd7 8. 0-0 e6 9. Qe2 Bd6 10. Ne5 Bxe5 11. dxe5 Nd5 12. Bxd5 exd5 13. Qg4 Rg8 14. Bg5 Nf8 15. e6 Bxe6 16. Rfe1 Qb6 17. Rad1 h6 18. Bxh6 0-0-0 19. Qg3 Ng6 20. Bg5 Rde8 21. a4 b4 22. a5 Qxa5 23. Ne2 Qc7 24. Qb3 Rh8 25. Ng3 c5 26. Ra1 d4 27. Qa4 Kb8 28. Qb5+ Ka8 29. Qa5 Qxa5 30. Rxa5 Rc8 31. Rea1 Rc7 32. Ne4 c4 33. Nd6 c3 34. bxc3 bxc3 35. Nb5 Rd7 36. Nxa7 Rd5 37. Nb5+ Kb7 38. Ra7+ Kb6 39. Nc7 Rxg5 40. R1a6+ Kc5 41. Ra5+ Kb6 42. R5a6+ Kc5 43. Ra5+ 1/2-1/2

[Event "Thessaloniki White Tower op-A 44th"]
[Site "Thessaloniki"]
[Date "2024.01.03"]
[Round "3"]
[White "Gountras, Klearhos"]
[Black "Merkouropoulos, Dionysios"]
[Result "0-1"]
[WhiteElo "1978"]
[BlackElo "1698"]
[PlyCount "84"]
[EventDate "2024.01.02"]
[EventType "swiss"]
[EventRounds "9"]
[EventCountry "GRE"]
[SourceTitle "CB02_2024"]
[SourceDate "2024.01.10"]
[SourceVersion "1"]
[SourceVersionDate "2024.01.10"]
[SourceQuality "1"]

1. Nf3 Nf6 2. g3 d5 3. Bg2 Bf5 4. d3 c6 5. Nbd2 h6 6. 0-0 e6 7. Qe1 Be7 8. e4 Bh7 9. Qe2 0-0 10. Kh1 a5 11. e5 Nfd7 12. Ne1 a4 13. a3 c5 14. f4 Nc6 15. Ndf3 b5 16. Rg1 c4 17. Bf1 Nc5 18. g4 cxd3 19. cxd3 Kh8 20. Be3 Nb3 21. Rb1 b4 22. axb4 d4 23. Bf2 Nxb4 24. Bg2 Rc8 25. Qd1 Nd5 26. f5 exf5 27. Nxd4 Bc5 28. Qf3 Nd2 29. Qxd5 Qxd5 30. Bxd5 Nxb1 31. Ba2 Nd2 32. gxf5 Rfd8 33. Nec2 Nb3 34. Rg4 Nxd4 35. Nxd4 Bxd4 36. Rxd4 Bxf5 37. Rxa4 Rxd3 38. Bxf7 Rc1+ 39. Bg1 Rdd1 40. Ra8+ Kh7 41. Bg8+ Kg6 42. Ra6+ Kg5 0-1

[Event "EU-ch Cities&Town op"]
[Site "Tornelo INT"]
[Date "2023.01.29"]
[Round "?"]
[White "Gountras, Klearhos"]
[Black "Dobronauteanu, Ion Serban"]
[Result "1-0"]
[WhiteElo "1968"]
[BlackElo "2189"]
[PlyCount "77"]
[EventDate "2023.01.29"]
[EventType "team-swiss"]
[EventRounds "9"]
[EventCountry "NET"]
[SourceTitle "CBM 212 Extra"]
[Source "ChessBase"]
[SourceDate "2023.03.31"]
[SourceVersion "1"]
[SourceVersionDate "2023.03.31"]
[SourceQuality "1"]
[WhiteTeam "Trikala"]
[BlackTeam "Snagov"]
[WhiteTeamCountry "GRE"]
[BlackTeamCountry "ROU"]

1. e4 c5 2. Nf3 d6 3. d4 cxd4 4. Nxd4 Nf6 5. f3 g6 6. c4 Bg7 7. Be3 Nc6 8. Qd2 Bd7 9. Nc3 a6 10. Be2 0-0 11. 0-0 Re8 12. Rfd1 Rc8 13. Nb3 Na5 14. Nxa5 Qxa5 15. c5 Be6 16. cxd6 Red8 17. Nd5 Qxd2 18. Nxe7+ Kf8 19. Rxd2 Ra8 20. Bb6 Rd7 21. e5 Nh5 22. Bd4 f6 23. exf6 Nxf6 24. Be5 Rad8 25. f4 Ne8 26. Bf3 Nxd6 27. Rad1 Kxe7 28. Bxg7 Nf5 29. Rxd7+ Rxd7 30. Rxd7+ Kxd7 31. Be5 Bxa2 32. Kf2 b5 33. g4 Ne7 34. Ke3 a5 35. Kd4 Nc6+ 36. Bxc6+ Kxc6 37. f5 Bb1 38. f6 a4 39. f7 1-0

[Event "EU-ch Cities&Town op"]
[Site "Tornelo INT"]
[Date "2023.01.29"]
[Round "?"]
[White "Patel, Zain"]
[Black "Gountras, Klearhos"]
[Result "1-0"]
[WhiteElo "1806"]
[BlackElo "1968"]
[PlyCount "85"]
[EventDate "2023.01.29"]
[EventType "team-swiss"]
[EventRounds "9"]
[EventCountry "NET"]
[SourceTitle "CBM 212 Extra"]
[Source "ChessBase"]
[SourceDate "2023.03.31"]
[SourceVersion "1"]
[SourceVersionDate "2023.03.31"]
[SourceQuality "1"]
[WhiteTeam "London U18"]
[BlackTeam "Trikala"]
[WhiteTeamCountry "ENG"]
[BlackTeamCountry "GRE"]

1. d4 d6 2. Nf3 Nf6 3. c4 Nbd7 4. Nc3 e5 5. e4 Be7 6. Be2 0-0 7. 0-0 c6 8. h3 Re8 9. Be3 Bf8 10. Qc2 Qc7 11. Rad1 a6 12. b4 exd4 13. Nxd4 c5 14. bxc5 dxc5 15. Nd5 Nxd5 16. cxd5 b5 17. Nc6 Bb7 18. Bf3 Bxc6 19. dxc6 Ne5 20. Rd5 Nxc6 21. a3 c4 22. Qc3 Ne5 23. Be2 Ng6 24. f3 Nf4 25. Bxf4 Qxf4 26. Rf5 Qd6 27. Rd1 Qxa3 28. Qc2 Qa5 29. Kh1 Rad8 30. Bxc4 Rxd1+ 31. Qxd1 Qc7 32. Bxf7+ Kh8 33. Bxe8 Bd6 34. e5 Bb4 35. e6 g6 36. Qd4+ Kg8 37. Bf7+ Kf8 38. Qh8+ Ke7 39. Qe8+ Kd6 40. Qd7+ Qxd7 41. Rd5+ Kc6 42. exd7 Be7 43. d8Q 1-0

[Event "Agria op"]
[Site "Agria Magnisias"]
[Date "2022.06.21"]
[Round "4"]
[White "Gountras, Klearhos"]
[Black "Skembris, Spyridon"]
[Result "1/2-1/2"]
[WhiteElo "1960"]
[BlackElo "2421"]
[PlyCount "154"]
[EventDate "2022.06.19"]
[EventType "swiss"]
[EventRounds "7"]
[EventCountry "GRE"]
[SourceTitle "EXT 2024"]
[Source "ChessBase"]
[SourceDate "2023.10.10"]
[SourceVersion "1"]
[SourceVersionDate "2023.10.10"]
[SourceQuality "1"]

1. e4 c6 2. d4 g6 3. f4 Bg7 4. Nf3 d6 5. Nc3 Bg4 6. Be3 Qb6 7. Qd2 Bxf3 8. gxf3 e6 9. 0-0-0 d5 10. f5 gxf5 11. Rg1 Bf6 12. exf5 Nd7 13. fxe6 fxe6 14. Bh3 Nf8 15. Ne2 0-0-0 16. Nf4 Re8 17. Nh5 Nd7 18. Bf4 c5 19. Nxf6 Ngxf6 20. dxc5 Qxc5 21. Kb1 e5 22. Bg3 Rhf8 23. Bf2 Qc7 24. Rg7 Rg8 25. Rxd7 Nxd7 26. Qxd5 Rg7 27. Bxa7 Qc6 28. Qb3 Kc7 29. Bf2 Rf8 30. Bg3 Qxf3 31. Qc4+ Kb8 32. Rf1 Qh5 33. Rxf8+ Nxf8 34. Qf1 Rf7 35. Qe1 Ng6 36. Bf1 Nf4 37. b3 Rd7 38. Kb2 Rd1 39. Qa5 Qe8 40. Bc4 Qe7 41. a4 Qc7 42. Qb4 Qd6 43. Qc3 Qd4 44. Qxd4 Rxd4 45. Kc3 Kc7 46. b4 Kd6 47. a5 h5 48. Kb3 Nd5 49. c3 Re4 50. b5 Re3 51. Bxd5 Kxd5 52. Kb4 Re4+ 53. Kb3 Kc5 54. a6 bxa6 55. bxa6 Kb6 56. Kc2 h4 57. Bf2+ Kxa6 58. Kd3 Rf4 59. Bc5 Rg4 60. Bd6 e4+ 61. Ke3 h3 62. Bf4 Kb5 63. Kxe4 Kc4 64. Kf3 Rg8 65. Be5 Kd3 66. Bd4 Rg5 67. Be3 Rg6 68. Bd4 Rg8 69. Be5 Kc4 70. Bd4 Kd5 71. Be3 Rg2 72. Bf4 Ke6 73. Ke4 Rc2 74. Kd3 Rf2 75. Ke4 Rc2 76. Kd3 Rf2 77. Ke4 Re2+ 1/2-1/2

[Event "Thessaloniki Triandria op 11th"]
[Site "Thessaloniki"]
[Date "2018.04.11"]
[Round "4"]
[White "Petrov, Martin"]
[Black "Gountras, Klearhos"]
[Result "1-0"]
[WhiteElo "2439"]
[BlackElo "1982"]
[PlyCount "49"]
[EventDate "2018.04.09"]
[EventType "swiss"]
[EventRounds "9"]
[EventCountry "GRE"]
[SourceTitle "CBM 183 Extra"]
[Source "ChessBase"]
[SourceDate "2018.04.19"]
[SourceVersion "1"]
[SourceVersionDate "2018.04.19"]
[SourceQuality "1"]

1. e4 e5 2. Nf3 Nc6 3. Bc4 Bc5 4. c3 Nf6 5. d4 exd4 6. e5 d5 7. Bb5 Ne4 8. cxd4 Be7 9. 0-0 0-0 10. Nc3 Bg4 11. Be3 f6 12. exf6 Rxf6 13. Be2 Nxc3 14. bxc3 Na5 15. Ne5 Bxe2 16. Qxe2 c6 17. f4 Bd6 18. f5 Qc7 19. Bg5 Rff8 20. f6 Bxe5 21. dxe5 Nc4 22. e6 Qe5 23. f7+ Kh8 24. Qxe5 Nxe5 25. Rae1 1-0

[Event "Thessaloniki Aris op"]
[Site "Thessaloniki"]
[Date "2014.10.28"]
[Round "6.1"]
[White "Konstantinidis, Konstantinos"]
[Black "Gountras, Klearhos"]
[Result "0-1"]
[WhiteElo "1906"]
[BlackElo "2042"]
[PlyCount "112"]
[EventDate "2014.10.24"]
[EventType "swiss"]
[EventRounds "6"]
[EventCountry "GRE"]
[SourceTitle "EXT 2024"]
[Source "ChessBase"]
[SourceDate "2023.10.10"]
[SourceVersion "1"]
[SourceVersionDate "2023.10.10"]
[SourceQuality "1"]

1. e4 d6 2. d4 Nf6 3. Nc3 g6 4. h3 Bg7 5. Be3 c6 6. Qd2 Nbd7 7. Nf3 Qa5 8. Bd3 0-0 9. Bh6 e5 10. Bxg7 Kxg7 11. 0-0-0 Re8 12. Kb1 b5 13. h4 h5 14. dxe5 dxe5 15. Ng5 Nc5 16. f4 exf4 17. Qxf4 Ne6 18. Qg3 b4 19. e5 Ng4 20. Nce4 Nxg5 21. Nxg5 Qxe5 22. Qf3 Qf6 23. Qxf6+ Nxf6 24. Bc4 Bf5 25. Nxf7 Ne4 26. Nd6 Nxd6 27. Rxd6 Rad8 28. Rxd8 Rxd8 29. Kc1 Rd4 30. Be2 Bg4 31. Bd3 c5 32. b3 Be6 33. Re1 Kf6 34. g3 Bd7 35. Kd2 Bf5 36. Re3 Bxd3 37. Rxd3 Rxd3+ 38. Kxd3 Kf5 39. Kc4 Kg4 40. Kxc5 a5 41. Kb5 Kxg3 42. Kxa5 Kxh4 43. Kxb4 Kg5 44. c4 Kf6 45. c5 h4 46. Kb5 Ke7 47. Kb6 h3 48. c6 h2 49. a4 h1Q 50. b4 Kd6 51. b5 Qh8 52. Kb7 Qg7+ 53. Kb8 Qc7+ 54. Ka8 Qa5+ 55. Kb7 Qc7+ 56. Ka8 Qb6 0-1

[Event "Thessaloniki Aris op"]
[Site "Thessaloniki"]
[Date "2014.10.27"]
[Round "5.3"]
[White "Gountras, Klearhos"]
[Black "Papadimitriou, Haralampos"]
[Result "1-0"]
[WhiteElo "2042"]
[BlackElo "1585"]
[PlyCount "95"]
[EventDate "2014.10.24"]
[EventType "swiss"]
[EventRounds "6"]
[EventCountry "GRE"]
[SourceTitle "EXT 2024"]
[Source "ChessBase"]
[SourceDate "2023.10.10"]
[SourceVersion "1"]
[SourceVersionDate "2023.10.10"]
[SourceQuality "1"]

1. d4 Nf6 2. c4 e6 3. g3 d5 4. Bg2 Be7 5. Nf3 0-0 6. 0-0 b6 7. Nc3 Bb7 8. Ne5 Nbd7 9. Qa4 Nxe5 10. dxe5 Nd7 11. cxd5 Nc5 12. Qd4 exd5 13. Nxd5 c6 14. Nxe7+ Qxe7 15. b3 Ne6 16. Qc4 h6 17. Bb2 Rfd8 18. Rad1 Rd7 19. Ba3 c5 20. Bxb7 Rxb7 21. Rd6 Rd7 22. Rfd1 Rad8 23. Rxd7 Rxd7 24. Rxd7 Qxd7 25. Qd3 Qd4 26. Qxd4 Nxd4 27. Kf1 Kf8 28. Bb2 Nc6 29. f4 g6 30. g4 Nb4 31. a3 Nd5 32. Bc1 Ke7 33. Kf2 Ke6 34. Kf3 b5 35. Bd2 c4 36. bxc4 bxc4 37. Ke4 f5+ 38. gxf5+ gxf5+ 39. Kd4 c3 40. Bc1 c2 41. e4 Ne7 42. exf5+ Kxf5 43. Kd3 h5 44. Kxc2 Kg4 45. Kd3 Kh3 46. Ke4 Kxh2 47. f5 Kg2 48. Bg5 1-0

[Event "Sykies-B 1st"]
[Site "Sykies"]
[Date "2014.03.09"]
[Round "6.2"]
[White "Gountras, Klearhos"]
[Black "Athanasiadis, Mihail"]
[Result "0-1"]
[WhiteElo "2058"]
[BlackElo "2032"]
[PlyCount "76"]
[EventDate "2014.02.21"]
[EventType "swiss"]
[EventRounds "9"]
[EventCountry "GRE"]
[SourceTitle "EXT 2024"]
[Source "ChessBase"]
[SourceDate "2023.10.10"]
[SourceVersion "1"]
[SourceVersionDate "2023.10.10"]
[SourceQuality "1"]

1. c4 Nf6 2. g3 c6 3. Nf3 d5 4. Bg2 Bg4 5. Ne5 Be6 6. cxd5 Bxd5 7. Nf3 c5 8. Nc3 Bc6 9. 0-0 e6 10. b3 Be7 11. Bb2 0-0 12. Qc2 Na6 13. Rad1 Qa5 14. e4 Rfd8 15. Ne5 Nb4 16. Qb1 Qc7 17. a3 Qxe5 18. Nd5 Qh5 19. Nxe7+ Kf8 20. axb4 Bb5 21. d3 Kxe7 22. bxc5 Nd7 23. Qa1 f6 24. f4 Qxc5+ 25. d4 Qc2 26. Rc1 Qxb3 27. Rf3 Qa4 28. Ra3 Qb4 29. Bc3 Qd6 30. Rb3 Qa6 31. Qb2 Ba4 32. Rxb7 Rab8 33. Rxb8 Rxb8 34. Qa3+ Ke8 35. Bf1 Qc6 36. Ba1 Qxe4 37. Rc7 Bc6 38. Qxa7 Qe3# 0-1

[Event "Sykies-B 1st"]
[Site "Sykies"]
[Date "2014.02.22"]
[Round "2.4"]
[White "Gountras, Klearhos"]
[Black "Prezerakos, Dimitrios"]
[Result "1/2-1/2"]
[WhiteElo "2058"]
[BlackElo "2053"]
[PlyCount "54"]
[EventDate "2014.02.21"]
[EventType "swiss"]
[EventRounds "9"]
[EventCountry "GRE"]
[SourceTitle "EXT 2024"]
[Source "ChessBase"]
[SourceDate "2023.10.10"]
[SourceVersion "1"]
[SourceVersionDate "2023.10.10"]
[SourceQuality "1"]

1. c4 e6 2. g3 Nf6 3. Bg2 d5 4. Nf3 c5 5. 0-0 Nc6 6. e3 Bd6 7. b3 d4 8. exd4 cxd4 9. Re1 0-0 10. d3 h6 11. Ba3 Re8 12. c5 Bf8 13. b4 a5 14. b5 Nb4 15. Bxb4 axb4 16. Qc2 Qd5 17. Re5 Qd8 18. Nbd2 Nd7 19. Nb3 Nxe5 20. Nxe5 Qc7 21. f4 Bd6 22. b6 Qb8 23. cxd6 Qxd6 24. Nc4 Qd8 25. Qb2 Re7 26. Qd2 e5 27. fxe5 Be6 1/2-1/2

[Event "Thessaloniki Triandrias 4th"]
[Site "Thessaloniki"]
[Date "2011.05.01"]
[Round "7"]
[White "Gountras, Klearhos"]
[Black "Skondras, Stavros"]
[Result "1-0"]
[WhiteElo "2001"]
[BlackElo "1871"]
[PlyCount "93"]
[EventDate "2011.04.26"]
[EventType "swiss"]
[EventRounds "7"]
[EventCountry "GRE"]
[SourceTitle "EXT 2024"]
[Source "ChessBase"]
[SourceDate "2023.10.10"]
[SourceVersion "1"]
[SourceVersionDate "2023.10.10"]
[SourceQuality "1"]

1. e4 e5 2. Nf3 Nc6 3. Bb5 a6 4. Ba4 b5 5. Bb3 Be7 6. a4 Bb7 7. axb5 axb5 8. Rxa8 Bxa8 9. Nc3 b4 10. Nd5 Nf6 11. Nxe7 Qxe7 12. d3 Na5 13. Ba4 0-0 14. 0-0 Rb8 15. Nh4 Rb6 16. Be3 c5 17. Nf5 Qf8 18. f4 Bc6 19. fxe5 Bxa4 20. exf6 Rxf6 21. Nh6+ Rxh6 22. Bxh6 gxh6 23. Qg4+ Qg7 24. Qxg7+ Kxg7 25. Ra1 Bxc2 26. Rxa5 d6 27. e5 dxe5 28. Rxc5 b3 29. Rxe5 Bxd3 30. Kf2 Kf6 31. Rc5 Bf5 32. Ke3 Be6 33. Kd4 Bg4 34. Kc3 Be6 35. Rb5 Ke7 36. Rxb3 Bxb3 37. Kxb3 h5 38. h4 Kd6 39. Kc4 Ke5 40. b4 Kd6 41. Kd4 h6 42. Ke4 Kc6 43. Kf5 Kb5 44. Kf6 Kxb4 45. Kxf7 Kc5 46. Kg6 Kd6 47. Kxh5 1-0